| 000 | 00354nam a22001457a 4500 | ||
|---|---|---|---|
| 008 | 210226b ||||| |||| 00| 0 eng d | ||
| 020 | _a9780201360585 | ||
| 041 | _aeng | ||
| 080 |
_22nd _a070 |
||
| 082 | _a070 | ||
| 100 | _a39 | ||
| 101 | _aMED | ||
| 245 |
_aManaging Multimedia Project Managment for Interactive Media _cEngland, E |
||
| 942 |
_2udc _cBK |
||
| 999 |
_c55282 _d55282 |
||